00406 a2200097 4500001001000000005001700010008004100027245016100068100002400229773005500253ART_5001020260410161730.0260409a 10aUna tipología de los trasplantes legales: utilizando la sociología, la historia del derecho y ejemplos argentinos para explicar el proceso de trasplante1 aMiller, Jonathan M.0 tLecciones y ensayosg- Nº 81 (feb. 2006)wREV2658